000 01143cam a22003497a 4500
003 CHAP
005 20220817043539.0
008 990607d1993 it a rn 00110 spa d
010 _a78158
011 _a79130
020 _a9253033711
035 _a89284
040 _cCHAP
082 0 4 _a639.3
_bF48Y v.154
110 2 _aFAO
245 1 0 _aSinopsis de los datos biológicos y pesqueros del sabalo Prochilodus lineatus (Valenciennes, 1847)
_c/preparado por Sara B. Sverlij [y otros]
260 _aRome :
_bFAO,
_c1993.
300 _a64 p. :
_bilus.
490 0 _aFAO. Sinopsis sobre la pesca
_v; 154
590 _aBATCH-UPD
_b10
_c20130110
_lUCH01
_h0233
590 _aBATCH-UPD
_b10
_c20130110
_lUCH01
_h2336
590 _aCONVERSION
_b10
_c20130109
_lUCH01
_h1343
650 1 4 _aSabalo.
_9101090
700 0 _aEspinach Ros, Alberto.
_937864
700 0 _aOrti, Guillermo.
_983922
700 0 _aSverlij, Sara B.
_9110834
830 0 0 _aFAO. Sinopsis sobre la pesca
_v; 154
_939698
901 _aBK
905 _aLilia Sánchez G.
942 _cLIBRO
949 _a639.3 F48Y v.154
_bBC
_cFAO
_d33724000726345
_eFAO1
_h95605
_i89284
_kDonaciØn
_sb
999 _c78158
_d78158